Κατάλογος Βιβλιοθηκών Mediterranean College

Πολιτιστική Πολιτική και Αναζωογόνηση των Πόλεων / Η Εμπειρία της Δυτικής Ευρώπης (Record no. 483)

MARC details
000 -LEADER
fixed length control field 01611cam a22002054a 4500
005 - ΗΜΕΡΟΜΗΝΙΑ ΚΑΙ ΩΡΑ ΤΕΛΕΥΤΑΙΑΣ ΕΝΗΜΕΡΩΣΗΣ
Πεδίο ελέγχου 20250605163936.0
008 - FIXED-LENGTH DATA ELEMENTS--GENERAL INFORMATION
Πεδίο ελέγχου σταθερού μήκους 250528s ||||||||||||||||||||||||d
035 ## - SYSTEM CONTROL NUMBER
System control number 14872
020 ## - ISBN
ISBN 719035562
040 ## - ΠΗΓΗ ΚΑΤΑΛΟΓΟΓΡΑΦΗΣΗΣ
Φορέας πρωτότυπης καταλογογράφησης MC Athens Campus Library
Γλώσσα καταλογογράφησης Ελληνικά, Μοντέρνα (1453-)
Modifying agency MC Athens Campus Library
Κανόνες περιγραφικής καταλογογράφησης AACR2
245 1# - ΤΙΤΛΟΣ ΚΑΙ ΔΗΛΩΣΗ ΥΠΕΥΘΥΝΟΤΗΤΑΣ
Τίτλος Πολιτιστική Πολιτική και Αναζωογόνηση των Πόλεων / Η Εμπειρία της Δυτικής Ευρώπης
260 ## - PUBLICATION, DISTRIBUTION, ETC.
Name of publisher, distributor, etc. Ε.Ε.Τ.Α.Α,
Date of publication, distribution, etc. 1994
300 ## - PHYSICAL DESCRIPTION
Extent 208
520 ## - SUMMARY, ETC.
Summary, etc. Η Ανάπλαση των Ευρωπαϊκών Πόλεων, Δείτε τη Γλασκώβη και τον Πολιτισμό της, Ρόττερνταμ: Ανασχεδιάζοντας τον Δημόσιο Χώρο, Μπιλμπάο: Πολιτισμός και Πολίτες και Ποιότητα Ζωής, Μπολόνια: Ένα Εργαστήρι για Πολιτιστική Δραστηριότητα, Αμβούργο: Πολιτισμός και Ανταγωνισμός Μεταξύ Πόλεων, Μομπελιέ: Διεθνής Ανταγωνισμός και Πρόσβαση της Κοινότητας, Λίβερπουλ: Μια Ιστορία Χαμένων Ευκαιριών, Ρέν: Καθολικός Ανθρωπισμός και Αστική Επιχειρηματικότητα, Πολιτισμός και Σύγκρουση και Πόλεις: Ζητήματα και Προοπτικές για τη Δεκαετία του 1990.
700 1# - ΠΡΟΣΘΕΤΗ ΑΝΑΓΡΑΦΗ--ΦΥΣΙΚΟ ΠΡΟΣΩΠΟ
Personal name Μπιανκίκι Φράνκο
9 (RLIN) 656
700 1# - ΠΡΟΣΘΕΤΗ ΑΝΑΓΡΑΦΗ--ΦΥΣΙΚΟ ΠΡΟΣΩΠΟ
Personal name Πάρκινσον Μάικλ
9 (RLIN) 657
942 ## - ADDED ENTRY ELEMENTS (KOHA)
Koha item type Books
Holdings
Τύπος τεκμηρίου Βιβλιοθήκη Τρέχουσα τοποθεσία Barcode Αριθμός εισαγωγής Ημερομηνία απόκτησης Ταξιθετικό σύμβολο Αριθμός αντιτύπου Κατάσταση απόσυρσης Κατάσταση χαμένου Κατάσταση κατεστραμμένου Μη δανεισμός Σύνολο δανεισμών Ημερομηνία τελευταίας εμφάνισης Η τιμή ισχύει από
Books MC Athens Campus Library MC Athens Campus Library 9780000004826 5755 05/06/2025 307.3416094 BIA 1           05/06/2025 05/06/2025

MC Athens Campus Library
Πατησίων 94 & Κοδριγκτώνος 13, 104 34
Πελλήνης 8 & Πατησίων 107, 112 51
Τ: +30 210 8899600

MC Thessaloniki Campus Library
Ίωνος Δραγούμη 21, 54625 | Ίωνος Δραγούμη 15, 54625
Τ: +30 2310 287779 – Τ: +30 2314 440300